=LDR 00000nam 2200000 4500 =001 INLIS000000000007680 =005 20200225030105 =035 ##$$a 0010-061300000007680 =008 200225################g##########0#ind## =041 ##$$a Ind =082 ##$$a 146.4 =090 ##$$a 146.4, Wib a =100 ##$$a Koento Wibisono =245 1#$$a Arti perkembangan menurut fisafat positivisme auguste comte /$c Koento Wibisono =260 ##$$a Yogyakarta :$b Gajah mada university press,$c 1996 =300 ##$$a xii, 134 hlm ; $c 21 x 14,5 cm =650 #4$$a Positivisme =020 ##$$a 979-420-395-5 =084 ##$$a 146.4 KOE a =250 ##$$a Cet. 2 =500 ##$$a Bibliografi : halaman 125-131; Indeks: halaman 111-134 =990 ##$$a 116.089/Pro.97 =990 ##$$a 116.090/Pro.97 =990 ##$$a 116.089/pro-97 =990 ##$$a 116.090/Pro.97 =990 ##$$a 116.089/Pro.97 =990 ##$$a 116.089/pro-97 =990 ##$$a 116.089/Pro.97 =990 ##$$a 116.090/Pro.97 =990 ##$$a 116.089/pro-97